| 000 -LEADER | |
|---|---|
| fixed length control field | 00591nam a22002057a 4500 |
| 005 - DATE AND TIME OF LATEST TRANSACTION | |
| control field | 20250420134817.0 |
| 008 - FIXED-LENGTH DATA ELEMENTS--GENERAL INFORMATION | |
| fixed length control field | 200810b ||||| |||| 00| 0 eng d |
| 020 ## - INTERNATIONAL STANDARD BOOK NUMBER | |
| International Standard Book Number | 9788172450656 |
| 040 ## - CATALOGING SOURCE | |
| Transcribing agency | KCST |
| 082 ## - DEWEY DECIMAL CLASSIFICATION NUMBER | |
| Classification number | 420.141 |
| Item number | Re Sp |
| 100 ## - MAIN ENTRY--PERSONAL NAME | |
| Personal name | Reid, Alison |
| 9 (RLIN) | 4991 |
| 245 ## - TITLE STATEMENT | |
| Title | Spoken English / |
| Statement of responsibility, etc. | Alison Reid |
| 260 ## - PUBLICATION, DISTRIBUTION, ETC. | |
| Place of publication, distribution, etc. | New Delhi: |
| Name of publisher, distributor, etc. | Goodwill publishers, |
| Date of publication, distribution, etc. | [not identified]. |
| 300 ## - PHYSICAL DESCRIPTION | |
| Extent | 628 p. |
| 650 ## - SUBJECT ADDED ENTRY--TOPICAL TERM | |
| Topical term or geographic name entry element | English language |
| Form subdivision | Spoken English |
| 9 (RLIN) | 4992 |
| 650 ## - SUBJECT ADDED ENTRY--TOPICAL TERM | |
| Topical term or geographic name entry element | English language |
| Form subdivision | Conversation and phrase books |
| 9 (RLIN) | 4993 |
| 650 ## - SUBJECT ADDED ENTRY--TOPICAL TERM | |
| Topical term or geographic name entry element | English language |
| 9 (RLIN) | 2090 |
| 942 ## - ADDED ENTRY ELEMENTS (KOHA) | |
| Koha item type | Book |
| 942 ## - ADDED ENTRY ELEMENTS (KOHA) | |
| Source of classification or shelving scheme | Dewey Decimal Classification |
| Withdrawn status | Lost status | Source of classification or shelving scheme | Damaged status | Not for loan | Home library | Current library | Date acquired | Cost, normal purchase price | Total checkouts | Full call number | Barcode | Date last seen | Date last checked out | Price effective from | Koha item type |
|---|---|---|---|---|---|---|---|---|---|---|---|---|---|---|---|
| Dewey Decimal Classification | KCST Library | KCST Library | 10/08/2020 | 1.49 | 3 | 420.141 Re Sp | 1000000628 | 06/11/2025 | 08/10/2025 | 10/08/2020 | Book |